Letters A-Z by Number of Countries Beginning with it - Statistics

General Stats
  • This quiz has been taken 185 times
  • The average score is 16 of 24
Answer Stats
# of countries Initial letter % Correct
27 S
98%
18 B
91%
17 M
88%
16 C
86%
11 A
84%
11 G
77%
1 Q
72%
11 T
72%
10 N
71%
1 Y
71%
1 O
67%
8 E
64%
9 P
64%
2 Z
63%
9 L
62%
4 F
60%
8 I
59%
7 U
59%
6 K
57%
3 J
54%
3 H
51%
4 R
51%
5 D
50%
4 V
49%
No matching quizzes found
Score Distribution
Percent of People with Each Score
Percentile by Number Answered
Your Score History
You have not taken this quiz